000 00312nam a22000977a 4500
005 20250901165558.0
008 231027b |||||||| |||| 00| 0 eng d
050 _aQ335.R38 1985
245 _aARTIFICIAL INTELLIGENCE IN BUSINESS,SCIENCE AND INDUSTRY
_cRauch-hindin, Wendy
942 _2lcc
_hQ335.R38 1985
999 _c6163
_d6163